Central Library OPAC University of Rajshahi

এই শতাব্দী ও তারপর / (Record no. 40134)

MARC details
000 -LEADER
fixed length control field 00756nam a2200229 a 4500
001 - CONTROL NUMBER
control field 40134
003 - CONTROL NUMBER IDENTIFIER
rucl marc code BD-RjUL
005 - DATE AND TIME OF LATEST TRANSACTION
control field 20211209053138.0
008 - FIXED-LENGTH DATA ELEMENTS--GENERAL INFORMATION
fixed length control field 160423s1960 bg ||||e |||| 00| 0 ben d
020 ## - INTERNATIONAL STANDARD BOOK NUMBER
Terms of availability : TK.3.00
035 ## - SYSTEM CONTROL NUMBER
System control number (BD-RjUL)40249
040 ## - CATALOGING SOURCE
Original cataloging agency BD-RjUL
Language of cataloging ben
Transcribing agency BD-RjUL
041 ## - LANGUAGE CODE
Language code of text/sound track or separate title ben
082 ## - DEWEY DECIMAL CLASSIFICATION NUMBER
Edition number 23
Author mark and year AJE 1960
Classification number 891.442
100 ## - MAIN ENTRY--PERSONAL NAME
Personal name আজম, এম.এ.
9 (RLIN) 123581
245 10 - TITLE STATEMENT
Title এই শতাব্দী ও তারপর /
Statement of responsibility, etc. এম.এ. আজম
260 ## - PUBLICATION, DISTRIBUTION, ETC. (IMPRINT)
Place of publication, distribution, etc. ঢাকা :
Name of publisher, distributor, etc. ইস্ট বেঙ্গল পাবলিশার্স,
Date of publication, distribution, etc. ১৯৬০
300 ## - PHYSICAL DESCRIPTION
Pagination [৮], ১০২ পৃ. ;
Size ১৮ সেমি.
650 ## - SUBJECT ADDED ENTRY--TOPICAL TERM
Topical term or geographic name as entry element বাংলা নাটক
9 (RLIN) 123586
Topical term or geographic name as entry element Bengali Drama
9 (RLIN) 123587
942 ## - ADDED ENTRY ELEMENTS (KOHA)
Source of classification or shelving scheme Dewey Decimal Classification
Koha item type Books
Holdings
Lost status Source of classification or shelving scheme Damaged status Not for loan Collection code Permanent Location Current Location Shelving location Date acquired Source of acquisition Cost, normal purchase price Total Checkouts Full call number Date last seen Copy number Koha item type
  Dewey Decimal Classification     Non-fiction Central Library, University of Rajshahi Central Library, University of Rajshahi   24/10/1968 Raj : Prantik 3.00   B 891.442 AJE 1960 23/04/2016 C-2 Books
  Dewey Decimal Classification     Non-fiction Central Library, University of Rajshahi Central Library, University of Rajshahi   16/02/1967 Nawroge kitabstan, Dhaka 3.00   B 891.442 AJE 1960 14/11/2016 C-3 Books
  Dewey Decimal Classification     Non-fiction Central Library, University of Rajshahi Central Library, University of Rajshahi   28/10/1968 Prantic, Rajshahi 3.00   B 891.442 AJE 1960 26/11/2016 C-4 Books
  Dewey Decimal Classification     Non-fiction Central Library, University of Rajshahi Central Library, University of Rajshahi   16/02/1967 Nawroge kitabstan, Dhaka 3.00   B 891.442 AJE 1960 26/11/2016 C-5 Books
  Dewey Decimal Classification     Non-fiction Central Library, University of Rajshahi Central Library, University of Rajshahi   16/02/1965 Ideal library 3.00   B 891.442 AJE 1960 26/11/2016 C-6 Books